LEADER 01292nam a2200313 a 4500 001 000000141075 003 CaOOAMICUS 005 20150112112841.0 008 150112s2014 it u000 u ita r 020 $a88-14-19265-0 040 $aPUL$bita 100 1 $aSassi, Andrea.$0(OLS)http://pul/name/75608 245 10$aIncapacità testamentarie /$cAndrea Sassi, Stefania Stefanelli. 260 $aMilano :$bGiuffrè,$c©2014. 300 $aXVI, 177 p. ;$c25 cm 490 1 $aIl Codice civile.$aCommentario 500 $aInclude indici. 504 $aBibliografia in nota. 505 $aArtt. 591-600 aggiornato al d.lgs. 154/2013 in materia di filiazione. 650 4$aTestamento$xDiritto e legislazione.$0(OLS)http://pul/subject/1512 700 1 $aStefanelli, Stefania.$0(OLS)http://pul/name/62378 830 3$aIl Codice civile.$pCommentario.$0(OLS)http://pul/title/53143 850 $aPUL 852 $aPUL$W1$xSL Diritto e Scienze Sociali 3$y79$m300 A 1.591$j162845$qDDC 21$B162546$CPULBib$Z2$F162546 $H125216 $82 941 1 $a9 996 $6020$a88-14-19265-0$9(OLS)http://pul/number/156645 996 $6245$aIncapacità testamentarie$9(OLS)http://pul/title/178537 996 $6260$aMilano :$bGiuffrè$9(OLS)http://pul/publisher/48401 LEADER 01431nam a2200289 u 4500 001 000000055187 003 CaOOAMICUS 005 20070226115746.0 008 010118s1998 gw u000 u ger u 020 $a3792307146 035 $a10865775 040 $aPUL$bita 245 00$aClemens August Graf von Galen :$bMenschenrechte - Widerstand Euthanasie - Neubeginn /$cherausgegeben von Joachim Kuropka ; unter Mitwirkung von Gian Luigi Falchi, Franz-Josef Schröder, Thomas Sternberg. 260 $aMünster :$bRegensberg,$c1998. 300 $a345 p. :$bill. ;$c26 cm 504 $a"Literatur": p. 319-345. 600 14$aGalen, Clemens August von,$ccard.,$d1878-1946.$0(OLS)http://pul/subject/17802 700 1 $aKuropka, Joachim.$0(OLS)http://pul/name/38908 700 1 $aSternberg, Thomas,$d1910-1986.$0(OLS)http://pul/name/38910 700 1 $aSchröder, Franz-Josef.$0(OLS)http://pul/name/38909 700 1 $aFalchi, Gian Luigi,$d1946-2012.$0(OLS)http://pul/name/6734 850 $aPUL 852 $aPUL$W1$xDP1 Cons. Gen., Altre Classi 1$y22$m45 C 55$j72616$nBK-PRI$b $qStampati$B72616$CPULBib$Z2$F72616 $H $81 941 1 $a8 996 $6020$a3792307146$9(OLS)http://pul/number/69426 996 $6245$aClemens August Graf von Galen :$bMenschenrechte - Widerstand Euthanasie - Neubeginn$9(OLS)http://pul/title/73929 996 $6260$aMünster :$bRegensberg$9(OLS)http://pul/publisher/48229